MyGZULibrary

Paper tiger : (Record no. 2383)

MARC details
000 -LEADER
fixed length control field 01349cam a2200397 i 4500
001 - CONTROL NUMBER
control field 18856304
003 - CONTROL NUMBER IDENTIFIER
control field GZU
005 - DATE AND TIME OF LATEST TRANSACTION
control field 20201029101930.0
008 - FIXED-LENGTH DATA ELEMENTS--GENERAL INFORMATION
fixed length control field 150424s2015 enk b 000 0 eng
010 ## - LIBRARY OF CONGRESS CONTROL NUMBER
LC control number 2015513114
020 ## - INTERNATIONAL STANDARD BOOK NUMBER
International Standard Book Number 9781781859797 (pbk.)
040 ## - CATALOGING SOURCE
Original cataloging agency DLC
Language of cataloging eng
Description conventions rda
Transcribing agency DLC
041 1# - LANGUAGE CODE
Language code of text/sound track or separate title eng
Language code of original chi
042 ## - AUTHENTICATION CODE
Authentication code pcc
043 ## - GEOGRAPHIC AREA CODE
Geographic area code a-cc---
050 00 - LIBRARY OF CONGRESS CALL NUMBER
Classification number HN 733.5
Item number XU 2015
100 1# - MAIN ENTRY--PERSONAL NAME
Personal name Xu, Zhiyuan,
Dates associated with a name 1976-
Relator term author.
245 10 - TITLE STATEMENT
Title Paper tiger :
Remainder of title inside the real China /
Statement of responsibility, etc. Xu Zhiyuan ; translated from the Chinese by Michelle Deeter and Nicky Harman.
246 30 - VARYING FORM OF TITLE
Title proper/short title Inside the real China
264 #1 - PRODUCTION, PUBLICATION, DISTRIBUTION, MANUFACTURE, AND COPYRIGHT NOTICE
Place of production, publication, distribution, manufacture London :
Name of producer, publisher, distributor, manufacturer Head of Zeus,
Date of production, publication, distribution, manufacture, or copyright notice 2015.
300 ## - PHYSICAL DESCRIPTION
Extent xi, 305 pages ;
Dimensions 24 cm
336 ## - CONTENT TYPE
Content type term text
Content type code txt
Source rdacontent
337 ## - MEDIA TYPE
Media type term unmediated
Media type code n
Source rdamedia
338 ## - CARRIER TYPE
Carrier type term volume
Carrier type code nc
Source rdacarrier
504 ## - BIBLIOGRAPHY, ETC. NOTE
Bibliography, etc. note Includes bibliographical references.
546 ## - LANGUAGE NOTE
Language note Translated from the Chinese.
651 #0 - SUBJECT ADDED ENTRY--GEOGRAPHIC NAME
Geographic name China
General subdivision History
Chronological subdivision 2002-
651 #0 - SUBJECT ADDED ENTRY--GEOGRAPHIC NAME
Geographic name China
General subdivision Social conditions
Chronological subdivision 2000-
651 #0 - SUBJECT ADDED ENTRY--GEOGRAPHIC NAME
Geographic name China
General subdivision Economic conditions
Chronological subdivision 2000-
651 #0 - SUBJECT ADDED ENTRY--GEOGRAPHIC NAME
Geographic name China
General subdivision Politics and government
Chronological subdivision 2002-
700 1# - ADDED ENTRY--PERSONAL NAME
Personal name Deeter, Michelle,
Relator term translator.
700 1# - ADDED ENTRY--PERSONAL NAME
Personal name Harman, Nicky,
Relator term translator.
906 ## - LOCAL DATA ELEMENT F, LDF (RLIN)
a 7
b cbc
c origres
d 3
e ncip
f 20
g y-gencatlg
942 ## - ADDED ENTRY ELEMENTS (KOHA)
Source of classification or shelving scheme Library of Congress Classification
Koha item type Books
Classification part 733.5
Item part XU
Call number prefix HN
Holdings
Withdrawn status Lost status Damaged status Not for loan Collection code Home library Current library Shelving location Date acquired Total Checkouts Full call number Barcode Date last seen Copy number Price effective from Koha item type
        Non-fiction City Campus Library City Campus Library General Stacks 10/29/2020   HN 733.5 XU 2015 025620 10/29/2020 c.1 10/29/2020 Books